The Himachal Pradesh panchayati raj act (Record no. 488560)

000 -LEADER
fixed length control field 00385cam a22001097a 4500
008 - FIXED-LENGTH DATA ELEMENTS--GENERAL INFORMATION
fixed length control field 180718b-- xxu||||| |||| 00| 0 eng d
082 ## - DEWEY DECIMAL CLASSIFICATION NUMBER
Classification number B71103x5462 A
100 ## - MAIN ENTRY--PERSONAL NAME
Personal name Himachal Pradesh. Rural Development and Panchayati Raj Department
245 ## - TITLE STATEMENT
Title The Himachal Pradesh panchayati raj act
260 ## - PUBLICATION, DISTRIBUTION, ETC.
Place of publication, distribution, etc. Simla
Name of publisher, distributor, etc. The author
Date of publication, distribution, etc. --
500 ## - GENERAL NOTE
General note Act no. 6 of 1953, amended upto 1956; Act no. 4 of 1994
Holdings
Withdrawn status Lost status Damaged status Not for loan Permanent Location Current Location Date acquired Full call number Barcode Date last seen Price effective from Koha item type
        Indian Institute of Public Administration Indian Institute of Public Administration 2018-08-04 B71103x5462 A GG27360 2018-08-04 2018-08-04 GG
        Indian Institute of Public Administration Indian Institute of Public Administration 2018-08-04 B71103x5462 A GG2128 2018-08-04 2018-08-04 GG

Powered by Koha